000
00211nam a22000857a 4500
008
161112b xxu||||| |||| 00| 0 eng d
100
_9
1164
_a
Doshi.D.M.
245
_a
Science Today-VI
260
_a
New Delhi
_b
C.P.P
_c
2012
999
_c
3826
_d
3826